Joji - SLOW DANCING IN THE DARK - Lyrics - Statistics

General Stats
  • This quiz has been taken 86 times
  • The average score is 145 of 180
Answer Stats
Hint Answer % Correct
a
100%
Verse 1 I
100%
in
98%
In
98%
me,
98%
me
98%
the
98%
dark
96%
Dark
96%
dark,
96%
you
96%
You
96%
you?
96%
Can
94%
slow
94%
be
92%
dancing
92%
can't
91%
Can't
91%
don't
91%
Don't
91%
dont
91%
my
91%
so
89%
Pre-Chorus | Verse 2 When
89%
when
89%
see?
87%
should
87%
we
87%
want
85%
with
85%
compete
83%
to
83%
complete
81%
Chorus Give
81%
him
81%
I'm
81%
reasons
81%
arms
77%
dance
77%
end
75%
get
75%
up
75%
wanna
75%
you'll
75%
follow
74%
friend
74%
life
74%
like
74%
for
72%
Waiting
72%
was
72%
else,
70%
at
68%
hear
68%
someone
68%
two
68%
your
68%
around
66%
go
66%
looked
64%
oh
64%
there
64%
one
62%
voice
62%
Just
55%
hold
53%
made
53%
mind,
53%
out
53%
run
53%
need
51%
no
51%
Doing
49%
great
49%
night?
49%
well
49%
fuck
47%
it
47%
home
45%
done
42%
more
42%
fall
40%
gotta
40%
Shutting
40%
tone
40%
Pre-Chorus Used
40%
Yeah,
40%
yeah,
40%
yeah
40%
signs
38%
No matching quizzes found
Score Distribution
Percent of People with Each Score
Percentile by Number Answered
Your Score History
You have not taken this quiz